Countering multipath fading in an HF communication system using multi-carrier technique (Record no. 188311)

000 -LEADER
fixed length control field 00668 a2200181 4500
003 - CONTROL NUMBER IDENTIFIER
control field Nust
005 - DATE AND TIME OF LATEST TRANSACTION
control field 20170207153538.0
040 ## - CATALOGING SOURCE
Transcribing agency Nust
082 ## - DEWEY DECIMAL CLASSIFICATION NUMBER
Classification number 621.382
100 ## - MAIN ENTRY--PERSONAL NAME
Personal name Hamid, Saad ( MSEE-12)
245 ## - TITLE STATEMENT
Title Countering multipath fading in an HF communication system using multi-carrier technique
Statement of responsibility, etc. Saad Hamid
260 ## - PUBLICATION, DISTRIBUTION, ETC.
Name of publisher, distributor, etc. MCS, NUST
Date of publication, distribution, etc. February 2009
Place of publication, distribution, etc. Rawalpinid
300 ## - PHYSICAL DESCRIPTION
Extent x,62:p;
505 ## - FORMATTED CONTENTS NOTE
Formatted contents note Introduction (page-1) High frequency (page-10) Orthogonal frequency division multiplexing (page-21) System design (page-29) OFDM over HF channel (page-33) Results and comparison (page-41)
538 ## - SYSTEM DETAILS NOTE
System details note Almirah No 69 Shelf No 2
650 ## - SUBJECT ADDED ENTRY--TOPICAL TERM
Topical term or geographic name entry element MS Thesis
651 ## - SUBJECT ADDED ENTRY--GEOGRAPHIC NAME
Geographic name MSEE-12
942 ## - ADDED ENTRY ELEMENTS (KOHA)
Koha item type
Holdings
Withdrawn status Lost status Source of classification or shelving scheme Damaged status Not for loan Collection code Permanent Location Current Location Date acquired Total Checkouts Full call number Barcode Date last seen Price effective from Koha item type
            Military College of Signals (MCS) Military College of Signals (MCS) 12/12/2016   621.382 HAM MCSTEE-75 12/08/2016 12/12/2016 Book
© 2023 Central Library, National University of Sciences and Technology. All Rights Reserved.